000 00333nam a2200145Ia 4500
999 _c14138
_d14138
003 OSt
005 20260413122924.0
008 260210s9999 xx 000 0 und d
020 _a97875609460304
100 _aHustp
245 0 _aChinese Edition Vogue Design Xiang Gang
260 _bHustp
300 _a161p:,
942 _cBDES
_2ddc